Classifications PEGI - Statistiques

Statistiques générales
  • Ce quiz a été pris 24 fois
  • Le résultat moyen est 6 sur 15
Statistiques - réponses
Type de quiz Nom % Correct
Classification d'âge PEGI 12
96%
Classification d'âge PEGI 16
96%
Classification d'âge PEGI 18
96%
Classification d'âge PEGI 3
96%
Classification d'âge PEGI 7
96%
Contenu sensible Nudité/ Sexe
30%
Contenu sensible Peur/ Horreur
30%
Contenu sensible Drogues
26%
Contenu sensible Scène de violence
22%
Contenu sensible Langage grossier
13%
Contenu sensible Online
9%
Contenu sensible Achats intégrés
4%
Contenu sensible Discrimination
4%
Contenu sensible Jeu de hasard
4%
Classification d'âge PEGI Parental
0%
Aucun quiz correspondant
Distribution des résultats
% des personnes avec chaque résultat
Percentile par nombre de réponses
Votre historique - résultats
Vous n’avez pas pris ce quiz